Understanding regression analysis /
Guardado en:
| Autor Principal: | |
|---|---|
| Formato: | Libro |
| Idioma: | English |
| Publicado: |
New York :
Plenum Press,
c1997.
|
| Materias: | |
| Etiquetas: |
Agregar Etiqueta
Sin Etiquetas, Sea el primero en etiquetar este registro!
|
| LEADER | 00638cam a2200193 a 4500 | ||
|---|---|---|---|
| 001 | MAT.inmabb003578 | ||
| 008 | 970501s1997####nyua#####b####001#0#eng## | ||
| 005 | 20130320082924.0 | ||
| 245 | 1 | 0 | |a Understanding regression analysis / |c Michael Patrick Allen. |
| 260 | |a New York : |b Plenum Press, |c c1997. | ||
| 300 | |a ix, 216 p. : |b il. ; |c 24 cm. | ||
| 504 | |a Incluye referencias bibliográficas (p. [210]-212) e índice. | ||
| 020 | |a 0306456486 | ||
| 100 | 1 | |a Allen, Michael Patrick. | |
| 650 | 0 | |a Regression analysis. | |
| 084 | |a 62J05 (62-01) |2 msc2000 | ||
| 010 | |a 97020373 | ||
| 040 | |a DLC |c DLC |d DLC | ||
| 859 | |h 62 |i Al425 |p A-7672 |b BIB. MATEMATICA | ||
